<?xml version="1.0" encoding="UTF-8"?>
<record
    xmlns:xsi="http://www.w3.org/2001/XMLSchema-instance"
    xsi:schemaLocation="http://www.loc.gov/MARC21/slim http://www.loc.gov/standards/marcxml/schema/MARC21slim.xsd"
    xmlns="http://www.loc.gov/MARC21/slim">

  <leader>00528nam a22001457a 4500</leader>
  <controlfield tag="008">230223b        |||||||| |||| 00| 0 eng d</controlfield>
  <datafield tag="041" ind1=" " ind2=" ">
    <subfield code="a">Nep.</subfield>
  </datafield>
  <datafield tag="082" ind1=" " ind2=" ">
    <subfield code="a">N929.1/P529</subfield>
  </datafield>
  <datafield tag="245" ind1=" " ind2=" ">
    <subfield code="a">&#x92A;&#x930;&#x93E;&#x932;&#x94D;&#x92E;&#x940;&#x915;&#x93E; &#x92A;&#x94B;&#x916;&#x930;&#x947;&#x932;&#x915;&#x94B; &#x935;&#x902;&#x936;&#x93E;&#x935;&#x932;&#x940;.</subfield>
  </datafield>
  <datafield tag="260" ind1=" " ind2=" ">
    <subfield code="a">&#x92A;&#x930;&#x93E;&#x932;&#x94D;&#x92E;&#x940;:</subfield>
    <subfield code="b">&#x935;&#x902;&#x936;&#x93E;&#x935;&#x932;&#x940; &#x92A;&#x94D;&#x930;&#x915;&#x93E;&#x936;&#x928; &#x938;&#x92E;&#x93F;&#x924;&#x93F;,</subfield>
    <subfield code="c">&#x968;&#x966;&#x96D;&#x96C; &#x935;&#x93F;.</subfield>
  </datafield>
  <datafield tag="300" ind1=" " ind2=" ">
    <subfield code="b">&#x969;&#x967;&#x969; &#x92A;&#x943;.</subfield>
  </datafield>
  <datafield tag="650" ind1=" " ind2=" ">
    <subfield code="a">&#x935;&#x902;&#x936;&#x93E;&#x935;&#x932;&#x940;</subfield>
  </datafield>
  <datafield tag="650" ind1=" " ind2=" ">
    <subfield code="a">&#x92A;&#x94B;&#x916;&#x930;&#x947;&#x932;-&#x935;&#x902;&#x936;&#x93E;&#x935;&#x932;&#x940;</subfield>
  </datafield>
  <datafield tag="942" ind1=" " ind2=" ">
    <subfield code="2">ddc</subfield>
    <subfield code="c">GEN</subfield>
  </datafield>
  <datafield tag="999" ind1=" " ind2=" ">
    <subfield code="c">108000</subfield>
    <subfield code="d">107988</subfield>
  </datafield>
  <datafield tag="952" ind1=" " ind2=" ">
    <subfield code="0">0</subfield>
    <subfield code="1">0</subfield>
    <subfield code="2">ddc</subfield>
    <subfield code="4">0</subfield>
    <subfield code="7">0</subfield>
    <subfield code="a">TUCL</subfield>
    <subfield code="b">TUCL</subfield>
    <subfield code="c">NB</subfield>
    <subfield code="d">2023-02-23</subfield>
    <subfield code="l">1</subfield>
    <subfield code="o">N929.1/P529</subfield>
    <subfield code="p">G88871</subfield>
    <subfield code="r">2024-07-05 12:57:00</subfield>
    <subfield code="s">2024-04-29</subfield>
    <subfield code="w">2023-02-23</subfield>
    <subfield code="y">GEN</subfield>
  </datafield>
  <datafield tag="952" ind1=" " ind2=" ">
    <subfield code="0">0</subfield>
    <subfield code="1">0</subfield>
    <subfield code="2">ddc</subfield>
    <subfield code="4">0</subfield>
    <subfield code="7">0</subfield>
    <subfield code="a">TUCL</subfield>
    <subfield code="b">TUCL</subfield>
    <subfield code="d">2023-02-23</subfield>
    <subfield code="l">2</subfield>
    <subfield code="m">2</subfield>
    <subfield code="o">N929.1/P529</subfield>
    <subfield code="p">G88872</subfield>
    <subfield code="q">2025-03-16</subfield>
    <subfield code="r">2024-06-18 11:56:23</subfield>
    <subfield code="s">2024-06-18</subfield>
    <subfield code="w">2023-02-23</subfield>
    <subfield code="y">GEN</subfield>
  </datafield>
</record>
